000 00411nam a22001577a 4500
003 OSt
008 240702b |||||||| |||| 00| 0 eng d
020 _a9780141016405
082 _a658.8
_bGOP
100 _aGODIN, Seth
245 _aPurple cow: transform your business by being remarkable
260 _aUK:
_bPenguin Random House,
_c2019.
300 _ax,144p.
650 _aGeneral Books
942 _2ddc
_cREF
999 _c12717
_d12717